[Event "11th EICC Men"]
[Site "Rijeka CRO"]
[Date "2010.03.10"]
[Round "5"]
[White "Banikas,H"]
[Black "Buss,Ra"]
[Result "1/2-1/2"]
[WhiteElo "2617"]
[BlackElo "2416"]
[EventDate "2010.03.06"]

1. d4 Nf6 2. c4 e6 3. Nc3 Bb4 4. e3 O-O 5. Nge2 d5 6. a3 Be7 7. cxd5 exd5
8. b4 c6 9. Ng3 Re8 10. Bd3 Nbd7 11. O-O a5 12. b5 c5 13. Nce2 b6 14. Bb2
Bb7 15. Rc1 g6 16. Nf4 Rc8 17. Be2 c4 18. Bf3 Bd6 19. h3 Qe7 20. a4 Bb4 21.
Nge2 Qd6 22. Nc3 Nf8 23. g4 1/2-1/2

[Event "11th EICC Men"]
[Site "Rijeka CRO"]
[Date "2010.03.10"]
[Round "5"]
[White "Jacobsen,Bo"]
[Black "Papin,V"]
[Result "0-1"]
[WhiteElo "2375"]
[BlackElo "2532"]
[EventDate "2010.03.06"]

1. g3 Nf6 2. Bg2 c5 3. c4 e6 4. e4 d6 5. Nc3 Be7 6. f4 Nc6 7. d3 a6 8. a4
Nd7 9. Nge2 h5 10. Be3 g5 11. Qd2 gxf4 12. gxf4 Bh4+ 13. Ng3 Nd4 14. Bxd4
cxd4 15. Nce2 Bf6 16. a5 h4 17. Nf1 e5 18. h3 Rg8 19. Rg1 exf4 20. Qxf4 Ne5
21. Ra3 Bg5 22. Qf2 Qxa5+ 23. Kd1 Qb4 24. Nxd4 Bd7 25. Kc2 Qc5 26. Nh2 Nc6
27. Nhf3 Bf6 28. Bf1 Rxg1 29. Qxg1 Nxd4+ 0-1

[Event "11th EICC Men"]
[Site "Rijeka CRO"]
[Date "2010.03.10"]
[Round "5"]
[White "Janssen,Ru"]
[Black "Valsecchi,A"]
[Result "1-0"]
[WhiteElo "2516"]
[BlackElo "2360"]
[EventDate "2010.03.06"]

1. c4 e6 2. Nc3 d5 3. d4 Nf6 4. cxd5 exd5 5. Bg5 c6 6. e3 Bf5 7. Qf3 Bg6 8.
Bxf6 gxf6 9. h4 Bb4 10. h5 Qa5 11. Rc1 Be4 12. Qxf6 Qxa2 13. Qxh8+ Kd7 14.
Ba6 Nxa6 15. Qxa8 Qxb2 16. Nge2 Bxg2 17. Qg8 Bxh1 18. Qxf7+ Kd6 19. Qf4+
Ke6 20. Qh6+ Kd7 21. Qxh7+ Kd8 22. f3 Bxf3 23. Qg8+ Ke7 24. Qg7+ Ke8 25.
Qe5+ Be7 26. Rb1 Qa3 27. Rxb7 Kd8 28. Qh8+ Bf8 29. Qf6+ Be7 30. Qxf3 1-0

[Event "11th EICC Men"]
[Site "Rijeka CRO"]
[Date "2010.03.10"]
[Round "5"]
[White "Onoprienko,V"]
[Black "Makarov,M"]
[Result "0-1"]
[WhiteElo "2346"]
[BlackElo "2510"]
[EventDate "2010.03.06"]

1. e4 c5 2. Nc3 a6 3. Nf3 e6 4. d4 cxd4 5. Nxd4 Qc7 6. g3 Bb4 7. Nde2 Nf6
8. Bg2 Be7 9. O-O O-O 10. h3 Nc6 11. f4 b5 12. e5 Ne8 13. Ne4 Bb7 14. Be3
d6 15. exd6 Nxd6 16. Nxd6 Bxd6 17. Nc3 Rad8 18. Qe2 Na5 19. Ne4 Nc4 20.
Nxd6 Bxg2 21. Kxg2 Rxd6 22. c3 Qc6+ 23. Kh2 Qe4 24. Rae1 Nxe3 25. Qxe3 Qxe3
26. Rxe3 Rd2+ 27. Kg1 Rxb2 28. Rf2 Rxf2 29. Kxf2 Rc8 30. Ke2 Rc4 31. Kd3
Kf8 32. Re2 Ke7 33. Ke3 h5 34. g4 hxg4 35. hxg4 g5 0-1

[Event "11th EICC Men"]
[Site "Rijeka CRO"]
[Date "2010.03.10"]
[Round "5"]
[White "Kalegin,E"]
[Black "Katzir,M"]
[Result "1-0"]
[WhiteElo "2456"]
[BlackElo "2288"]
[EventDate "2010.03.06"]

1. e4 c5 2. Nf3 e6 3. Nc3 a6 4. d4 cxd4 5. Nxd4 Qc7 6. Bd3 Nf6 7. O-O Nc6
8. Be3 Ne5 9. f4 Neg4 10. Bd2 Bc5 11. Nce2 e5 12. fxe5 Qxe5 13. Bf4 Bxd4+
14. Kh1 Qc5 15. Nxd4 Qxd4 16. e5 Nf2+ 17. Rxf2 Qxf2 18. exf6 Qxf4 19. Qe1+
Kd8 20. fxg7 Rg8 21. Qa5+ Ke7 22. Re1+ Kf6 23. Qc3+ Kg5 24. Rf1 Qxf1+ 25.
Bxf1 d5 26. h4+ Kg6 27. Qg3+ 1-0

[Event "11th EICC Men"]
[Site "Rijeka CRO"]
[Date "2010.03.12"]
[Round "7"]
[White "Maiorov,N1"]
[Black "Belov,Vl"]
[Result "1/2-1/2"]
[WhiteElo "2510"]
[BlackElo "2619"]
[EventDate "2010.03.06"]

1. d4 g6 2. Nf3 Bg7 3. g3 d6 4. Bg2 Nd7 5. O-O e5 6. c4 Ne7 7. Nc3 O-O 8.
e4 exd4 9. Nxd4 Nc6 10. Nde2 a5 11. Rb1 Nc5 12. b3 f5 13. Be3 Nxe4 14. Nxe4
fxe4 15. Bxe4 Qe7 16. Bd5+ Kh8 17. Qd2 Bf5 18. Rbc1 Rae8 19. Nd4 Nxd4 20.
Bxd4 b6 21. Bc6 Rd8 22. Rce1 Qf7 23. Re3 Bxd4 24. Qxd4+ Qg7 25. Qh4 g5 26.
Qh5 Bd7 27. Bxd7 Rxd7 28. Re8 Rdf7 29. Rxf8+ Rxf8 30. Re1 Qf6 31. Re2 Kg7
32. Qg4 h6 33. Kg2 Rf7 34. Qe4 h5 35. f3 g4 36. f4 h4 37. Qd5 h3+ 38. Kf2
c6 39. Qe4 b5 40. Rd2 bxc4 41. bxc4 Re7 42. Qd4 Rd7 43. Qd3 Rb7 44. Qe2 Qf5
45. Rd3 Kf7 46. Re3 a4 47. Qd2 Qf6 48. Re2 Rb1 49. Qe3 Rb2 50. Qe8+ Kg7 51.
Qd7+ Kh6 52. Qxg4 Qd4+ 53. Kf3 Qd3+ 54. Kf2 Qd4+ 55. Kf3 Qd3+ 56. Kf2 Qd4+
1/2-1/2

[Event "11th EICC Men"]
[Site "Rijeka CRO"]
[Date "2010.03.12"]
[Round "7"]
[White "Di Lazzaro,G"]
[Black "Bente,B"]
[Result "0-1"]
[WhiteElo "1898"]
[BlackElo "2245"]
[EventDate "2010.03.06"]

1. e4 c6 2. d4 d5 3. e5 Bf5 4. Nf3 e6 5. c3 c5 6. Be3 Qb6 7. Qb3 Nc6 8.
dxc5 Bxc5 9. Bxc5 Qxc5 10. Bb5 Nge7 11. O-O O-O 12. Re1 a6 13. Bf1 b5 14.
Qd1 Rfd8 15. Nbd2 Qb6 16. Nb3 Ng6 17. Nbd4 Bg4 18. Nxc6 Qxc6 19. Bd3 Rac8
20. h3 Bxf3 21. Qxf3 Nf8 22. Rac1 Qb6 23. Qg3 d4 24. Bb1 Rc7 25. cxd4 Rxc1
26. Rxc1 Qxd4 27. b3 Rd5 28. Kh2 Qxe5 29. f4 Qd4 30. Rc8 g6 31. Qh4 Kg7 32.
Bc2 Rc5 33. Rd8 Qf6 34. Qxf6+ Kxf6 35. Rxf8 Rxc2 36. a4 bxa4 37. bxa4 Ra2
0-1

[Event "11th EICC Men"]
[Site "Rijeka CRO"]
[Date "2010.03.14"]
[Round "8"]
[White "Balogh,C"]
[Black "Prohaszka,P2"]
[Result "1-0"]
[WhiteElo "2622"]
[BlackElo "2501"]
[EventDate "2010.03.06"]

1. e4 c6 2. d4 d5 3. Nc3 dxe4 4. Nxe4 Nd7 5. Ng5 Ngf6 6. Bd3 e6 7. N1f3 Bd6
8. Qe2 h6 9. Ne4 Nxe4 10. Qxe4 Qc7 11. O-O b6 12. Qg4 Kf8 13. b3 Bb7 14.
Bb2 Nf6 15. Qh3 Nd5 16. g3 c5 17. c4 Nf6 18. d5 exd5 19. Bxf6 gxf6 20. Qf5
Be5 21. Rae1 Rg8 22. Qh5 dxc4 23. Qxh6+ Rg7 24. Nxe5 fxe5 25. bxc4 Kg8 26.
Be4 Re8 27. Qh5 Bc8 28. Bf5 Bb7 29. Re3 Qd8 30. Rfe1 Qd2 31. Be4 Bxe4 32.
Rxe4 Rh7 33. Qf5 Re6 34. R1e3 Qc1+ 35. Kg2 Rhh6 36. Rd3 Rhf6 37. Rd8+ Kg7
38. Rg4+ Rg6 39. Rd7 Ref6 40. Rxg6+ Rxg6 41. Rxf7+ 1-0